000 00521nam a2200169 4500
001 121609
003 ES-MaACL
005 20230906191802.0
007 t|
008 070214s1957 sp r ||||1| spa d
100 1 _aPlata Gutiérrez, José.
_992589
245 1 3 _aLa educación de los ciegos /
_cJosé Plata Gutiérrez.
260 _aMadrid :
_b[s. n.],
_c1957 (
_fArtes Gráf. Diana)
300 _a50 p. ;
_c21 cm.
500 _aEs separata de: Revista de Educación, nº 27.
852 _aES-MaACL
_j2005-F-3
_bR.41637
999 _c121609
_d121609